LEADER 00724cam1 22002291 450 001 SOBE00016624 005 20110720094255.0 100 $a20110720d0000 |||||ita|0103 ba 101 $afre 102 $aFR 200 1 $aOeuvre$eedition definitive$fMilan Kundera 210 $aParis$cGallimard 215 $av.$d18 cm 463 1$1001SOBE00016625$12000 $a1 / preface et biographie de l' oeuvre par Francois Ricard 463 1$1001SOBE00016626$12000 $a2 / biographie de l' oeuvre par Francois Ricard 700 1$aKundera$b, Milan$3AF00006637$4070$0328616 801 0$aIT$bUNISOB$c20110720$gRICA 912 $aSOBE00016624 940 $aM 102 Monografia moderna SBN 941 $aM 996 $aOeuvre$91721943 997 $aUNISOB